Pokédex Einträge (Gen2) - 2 - Statistiken

Allgemein
  • Dieses Quiz wurde 19 mal gespielt
  • Das Durchschnittsergebnis liegt bei 10 aus 15
Antwortstatistiken
Frage Antwort % Korrekt
Es besitzt mystische Kräfte, die es unbewusst einsetzt. Daher ist sein Blick immer verwirrt. (Gold Edition) Enton
100%
Sein flacher, dünner Körper hängt immer an Wänden. Seine Form scheint eine Bedeutung zu haben. (Silber Edition) Icognito
100%
Wenn es gerade ein Junges hat, dann enthält seine Milch mehr Nährstoffe als gewöhnlich. (Silber Edition) Miltank
100%
Sein Sehvermögen ist hervorragend. Selbst bei schwachem Licht kann es jedes Detail erkennen. (Gold Edition) Noctuh
100%
Seine Federn sind sehr scharf. Man sagt, dass die Menschen die Federn als Schwerter benutzten. (Kristall Edition) Panzaeron
100%
Es liebt, Menschen zu beißen und sie an den Haaren zu ziehen, nur um ihre Reaktionen zu sehen. (Silber Edition) Traunfugil
100%
Wenn es wächst, wird sein warmer 6fach-Schweif schöner und bekommt ein weicheres Fell. (Kristall Edition) Vulpix
100%
Sein Körper ist mit Schleim überzogen. Berührt man es, widerfährt einem ein stechender Schmerz. (Kristall Edition) Felino
50%
Wenn es hungrig ist, versetzt es die Menschen, die es trifft in Schlaf, um ihre Träume zu fressen. (Gold Edition) Hypno
50%
Es ist klein, aber zäh und stark. Es zögert nicht, jeden anzugreifen, wenn dieser ihm zu nahe kommt. (Silber Edition) Karnimani
50%
Sind drei oder mehr von ihnen zusammen, singen sie so laut, dass man an Hundegebell erinnert wird. (Silber Edition) Quaxo
50%
Ein Sprichwort besagt, dass Glück dem widerfährt, dem es gelingt, ein schlafendes ... zu wecken. (Silber Edition) Togepi
50%
Obwohl es gut klettern kann, stößt es mit den Pranken gegen die Bäume und isst die Beeren vom Boden. (Gold Edition) Ursaring
50%
Der Stachel auf seinem Kopf enthält ein starkes Gift. Es setzt das Gift ein, um sich zu schützen. (Kristall Edition) Hornliu
0%
Dieses clevere Pokémon grillt harte Beeren mit Elektrizität, um sie anschließend zu essen. (Gold Edition) Pikachu
0%
Keine übereinstimmenden Quizze gefunden
Verteilung der Resultate
Anzahl Personen mit jedem Resultat
Perzentil nach korrekt beantworteten Fragen
Ihre Resultats-Entwicklung
Sie haben dieses Quiz noch nicht gespielt